Statistics for Countries With The Most Wal-Marts

Click here to take the quiz!

General Stats

  • This quiz has been taken 26 times
  • The average score is 7 of 10

Answer Stats

# of Wal-MartsCountry% Correct
2,448Mexico
100%
5,362United States
100%
411Canada
96%
633United Kingdom
92%
331Japan
88%
433China
81%
390South Africa
58%
375Chile
38%
250Guatemala
38%
257Costa Rica
35%

Score Distribution

Percentile by Number Answered

Percent of People with Each Score

Your Score History

You have not taken this quiz